000 00855nam a2200253Ia 4500
003 OSt
005 20220923215313.0
006 a|||||r|||| 00| 0
007 ta
008 220922b |||||||| |||| 00| 0 hin d
024 _a177,590
037 _cTextual
040 _aARTS
_cARTS
_bhin
041 _2hin
_ahin
082 _aO152,1:g(P:75), M5
100 _aसारस्वत, ओमानन्दरू
245 0 _aदोहा
_b शब्द और व्याप्ति
246 _aDohā: shabda aur vyāpti
260 _aदिल्ली
_b चिन्ता प्रकाशन
_c1985
300 _a100 पृ.
_ccm.
650 _aहिन्दी साहित्य
_9156264
942 _hO152,1:g(P:75), M5
_cTEXL
_2CC
999 _c330978
_d330978